| 000 | 00952nmc a2200313 a 4500 | ||
|---|---|---|---|
| 003 | AR-BaBNM | ||
| 005 | 20251128210018.0 | ||
| 008 | 118119s1996 ||||||||||||||000 | spa|| | ||
| 020 | _a84-493-0306-0 | ||
| 040 | _cAR-BaBNM | ||
| 100 | 1 | _aStatman, Paula | |
| 245 | 1 | 0 |
_aNiños a salvo en un mundo inseguro _bcomo alejar a tus hijos de los peligros se la calle sin crearles miedos ni mermar su autoestima |
| 250 | _a1ª ed. | ||
| 260 |
_aBarcelona _aBuenos Aires _bPaidós _c1996 |
||
| 300 | 0 | _a246 p. | |
| 490 | 0 | _aGuías para padres | |
| 504 | _aContiene bibliografía recomendada p.243-246 | ||
| 650 | 4 | _aEDUCACION DEL NINO | |
| 650 | 4 | _aCUIDADO DEL NINO | |
| 650 | 4 | _aEDUCACION DE LOS PADRES | |
| 650 | 4 | _aMEDIDAS DE SEGURIDAD | |
| 650 | 4 | _aRELACION PADRES-HIJOS | |
| 650 | 4 | _aDELINCUENCIA | |
| 650 | 4 | _aEDUCACION SEXUAL | |
| 650 | 4 | _aMEDIOS DE COMUNICACION | |
| 650 | 4 | _aEDUCACION FAMILIAR | |
| 942 | _cBK | ||
| 998 | _cRaquel | ||
| 999 |
_c13700 _d13700 |
||